| 000 | 00537nam a22001817a 4500 | ||
|---|---|---|---|
| 003 | CEME | ||
| 005 | 20210628202848.0 | ||
| 008 | 210118b xxu||||| |||| 00| 0 eng d | ||
| 020 | _a81-203-2884-1 | ||
| 040 | _c. | ||
| 082 | _a629.892 PRI | ||
| 100 |
_aChoset, Howie, Lynch, Kevin, Hutchinson, Seth _962016 |
||
| 245 | _aPrinciples of robot motion, theory algorithms, and implementation | ||
| 260 |
_aNEW DLEHI _bPRENTICE HALL OF INDIA _c2005 |
||
| 300 | _aXIX,607 P | ||
| 650 |
_aROBOT MOTION - PLANNING. _962017 |
||
| 942 |
_cBK _2ddc |
||
| 999 |
_c571264 _d571264 |
||